书目信息 |
| 题名: |
巅峰人像摄影作品诞生记
|
|
| 作者: | 夏雨 著 | |
| 分册: | ||
| 出版信息: | 湖南 湖南美术出版社 2007.08 |
|
| 页数: | 155页 | |
| 开本: | ||
| 丛书名: | ||
| 单 册: | ||
| 中图分类: | J405.2 | |
| 科图分类: | ||
| 主题词: | 摄影艺术--艺术理论 | |
| 电子资源: | ||
| ISBN: | 978-7-5356-2835-0 | |
| 000 | 00432nam0 2200169 45 | |
| 005 | 20081010164822.26 | |
| 010 | @a978-7-5356-2835-0@dCNY25.00 | |
| 092 | @bLR | |
| 200 | 1 | @a巅峰人像摄影作品诞生记@f夏雨著@Fxia yu zhu |
| 210 | @a湖南@c湖南美术出版社@d2007.08 | |
| 215 | @a155页 | |
| 606 | 0 | @a摄影艺术@x艺术理论 |
| 690 | @aJ405.2@v4 | |
| 701 | 0 | @a夏雨@Axia yu@4著 |
| 801 | 0 | @c20081010 |
| 905 | @dJ405.2@eX231@f3 | |
| 906 | @cLR@dCNY25.00@n0@r1 | |
| 巅峰人像摄影作品诞生记/夏雨著.-湖南:湖南美术出版社,2007.08 |
| 155页 |
| ISBN 978-7-5356-2835-0:CNY25.00 |
| ● |
| 相关链接 |
|
|
|
正题名:巅峰人像摄影作品诞生记
索取号:J405.2/X231
 
预约/预借
| 序号 | 登录号 | 条形码 | 馆藏地/架位号 | 状态 | 备注 |
| 1 | 840752 | 208407525 | 社科库309/309社科库 82排2列5层/ [索取号:J405.2/X231] | 在馆 | |
| 2 | 840753 | 208407534 | 社科库309/309社科库 82排2列5层/ [索取号:J405.2/X231] | 在馆 | |
| 3 | 841721 | 208417211 | 社科库309/309社科库 82排2列5层/ [索取号:J405.2/X231] | 在馆 |